Παιδική Ηλικία και τα Δικαιώματα του Παιδιού (Record no. 6024)
[ view plain ]
| 000 -LEADER | |
|---|---|
| fixed length control field | 01734cam a22002054a 4500 |
| 005 - ΗΜΕΡΟΜΗΝΙΑ ΚΑΙ ΩΡΑ ΤΕΛΕΥΤΑΙΑΣ ΕΝΗΜΕΡΩΣΗΣ | |
| Πεδίο ελέγχου | 20250605164230.0 |
| 008 - FIXED-LENGTH DATA ELEMENTS--GENERAL INFORMATION | |
| Πεδίο ελέγχου σταθερού μήκους | 250528s ||||||||||||||||||||||||d |
| 035 ## - SYSTEM CONTROL NUMBER | |
| System control number | 20947 |
| 020 ## - ISBN | |
| ISBN | 9789601424354 |
| 040 ## - ΠΗΓΗ ΚΑΤΑΛΟΓΟΓΡΑΦΗΣΗΣ | |
| Φορέας πρωτότυπης καταλογογράφησης | MC Athens Campus Library |
| Γλώσσα καταλογογράφησης | Ελληνικά, Μοντέρνα (1453-) |
| Modifying agency | MC Athens Campus Library |
| Κανόνες περιγραφικής καταλογογράφησης | AACR2 |
| 245 1# - ΤΙΤΛΟΣ ΚΑΙ ΔΗΛΩΣΗ ΥΠΕΥΘΥΝΟΤΗΤΑΣ | |
| Τίτλος | Παιδική Ηλικία και τα Δικαιώματα του Παιδιού |
| 260 ## - PUBLICATION, DISTRIBUTION, ETC. | |
| Name of publisher, distributor, etc. | Α. Α. Λιβάνη, |
| Date of publication, distribution, etc. | 2011 |
| 300 ## - PHYSICAL DESCRIPTION | |
| Extent | 288 |
| 520 ## - SUMMARY, ETC. | |
| Summary, etc. | Η Παιδική Ηλικία, Ο Ρόλος των Ιδρυμάτων σε περιόδους Κρίσης, Το Δικαίωμα στην Εκπαίδευση των Αλλοδαπών Μαθητών, Οι Επιπτώσεις των Οικονομικών Κρίσεων στα παιδιά και στα δικαιώματα τους, Τα Δικαιώματα του Παιδιού σε έναν κόσμο που αλλάζει, Το Ζήτημα της Οικουμενικότητας των Δικαιωμάτων του Παιδιού, Κοινωνική Συγκρότηση της Παιδικής Ταυτότητας, Η Διαπολιτισμική Εκπαίδευση στο Σύγχρονο Πολυπολιτισμικό Περιβάλλον ως Απόρροια της Σύμβασης του Οργανισμού Ηνωμένων Εθνών (ΟΗΕ) για τα Δικαιώματα του Παιδιού, Η Πρόσβαση του Γυναικείου Φύλου στην Πρωτοβάθμια Εκπαίδευση κατά τον 19ο αιώνα: Δυνατότητες και Πραγματικότητα. |
| 700 1# - ΠΡΟΣΘΕΤΗ ΑΝΑΓΡΑΦΗ--ΦΥΣΙΚΟ ΠΡΟΣΩΠΟ | |
| Personal name | Γκίβαλος Μενέλαος |
| 9 (RLIN) | 6937 |
| 700 1# - ΠΡΟΣΘΕΤΗ ΑΝΑΓΡΑΦΗ--ΦΥΣΙΚΟ ΠΡΟΣΩΠΟ | |
| Personal name | Δασκαλάκης Δημοσθένης |
| 9 (RLIN) | 6938 |
| 942 ## - ADDED ENTRY ELEMENTS (KOHA) | |
| Koha item type | Books |
| Τύπος τεκμηρίου | Βιβλιοθήκη | Τρέχουσα τοποθεσία | Barcode | Αριθμός εισαγωγής | Ημερομηνία απόκτησης | Ταξιθετικό σύμβολο | Αριθμός αντιτύπου | Κατάσταση απόσυρσης | Κατάσταση χαμένου | Κατάσταση κατεστραμμένου | Μη δανεισμός | Σύνολο δανεισμών | Ημερομηνία τελευταίας εμφάνισης | Η τιμή ισχύει από |
|---|---|---|---|---|---|---|---|---|---|---|---|---|---|---|
| Books | MC Athens Campus Library | MC Athens Campus Library | 9780000060235 | 6687 | 05/06/2025 | 323.352 DAS | 1 | 05/06/2025 | 05/06/2025 |